[Event "XIV Królewski Gambit Radomia"]
[Site "Radom"]
[Date "2011.05.22"]
[Round "3"]
[White "Koziak, Vitaly"]
[Black "Bartel, Mateusz"]
[Result "0-1"]
[WhiteElo "2482"]
[BlackElo "2608"]
[Annotator "Mateusz Bartel"]
[PlyCount "32"]
[EventDate "2011.??.??"]

1. e4 e5 2. f4 {Diagram # This is the starting position of all games in that
event. Black has here several options, but only one is (in my opinion) correct.
} exf4 $1 {Gambit must be accepted!} 3. Bc4 {Some players believes that this
is the crucial move.} (3. Nf3 {, but also more awkard}) (3. d4) (3. Nc3) (3.
Be2 {are frequent guests in the event.}) 3... Qh4+ (3... Nf6 {or}) (3... d5 {
, but I believe Black should fight for an advantage and this makes this check
more logical when you try to get serious plus.}) 4. Kf1 d6 (4... g5 {, but
it's not risk-free choice.}) 5. Nf3 Qh6 (5... Qf6 {, but on f6 queen looks
more dubious to me, as it can be potientally attacked by knight from d5.}) 6.
d4 Be6 $5 {I think such moves should never be bad. Less pieces, less problems
and black are already one move closer to castle.} 7. Bxe6 $2 {Surely, this
isn't move you should do playing the gambit!} (7. d5) 7... fxe6 8. g3 {Diagram
# I think White should rather develop first, but this move is stronger than
the game shows.} e5 $6 {This brave move in gambit style is maybe not very
correct, but I have noticed nice plan and - as usual - couldn't stop my hands..
.} (8... g5 {with unclear position after} 9. h4) 9. dxe5 $2 {Luckily my
opponent didn't realised what I wanted to do.} (9. Nc3 {would lead to an
interesting game after} Nc6 10. d5) 9... Nc6 $2 {But, for some reason, I also
wasn't sure what is my target!} (9... Qh3+ {was winning on the spot:} 10. Kf2
dxe5 $1 {and nothing can stop black bishop from entering into the game with
not very peaceful intentions...}) 10. Bxf4 Qh3+ 11. Kf2 $2 (11. Kg1 {because
g1 is the safest square for the white king (sorry, rook h1)!} dxe5 12. Be3 Nf6
{and Black is probably only slightly better.}) 11... dxe5 {Diagram # Now,
finally!, bishop is going to give killing kiss to the white monarch.} 12. Ng5 (
12. Nxe5 {wasn't better:} Nxe5 13. Bxe5 Nh6 $1 {with strong attack.}) 12...
Bc5+ {Game is over now.} 13. Kf3 Qh5+ 14. g4 Qh4 {Mate or piece?} 15. Qd2 exf4
16. Ne6 Qh3+ {and White resigned.} 0-1